Macroeconomics : the dynamics of commodity production
Αποθηκεύτηκε σε:
| Κύριος συγγραφέας: | |
|---|---|
| Μορφή: | Βιβλίο |
| Γλώσσα: | English |
| Δημοσίευση: |
Houndmills :
Macmillan,
c1986.
|
| Σειρά: | Radical economics
|
| Θέματα: | |
| Ετικέτες: |
Προσθήκη ετικέτας
Δεν υπάρχουν, Καταχωρήστε ετικέτα πρώτοι!
|
MARC
| LEADER | 00000cam a2200000 a 4500 | ||
|---|---|---|---|
| 001 | 1/118187 | ||
| 008 | 190306t1986####uk | ||| |||| ||eng|| | ||
| 020 | |a 0333291956 |q (χαρτόδετο) | ||
| 040 | |a GR-MyUa |b gre |c GR-MyUa |e AACR2 | ||
| 041 | 0 | |a eng | |
| 082 | 7 | |a 339 |2 (23) | |
| 100 | 1 | |a Bhaduri, Amit. | |
| 245 | 1 | 0 | |a Macroeconomics : |b the dynamics of commodity production / |c Amit Bhaduri. |
| 260 | |a Houndmills : |b Macmillan, |c c1986. | ||
| 300 | |a xii, 278 σ. : |b διαγρ., πίν. ; |c 22 εκ. | ||
| 504 | |a Περιλαμβάνει βιβλιογραφικές παραπομπές και ευρετήριο. | ||
| 650 | 0 | |a Macroeconomics. | |
| 830 | 0 | |a Radical economics | |
| 852 | |a INST |b CHIOS |c TSAMOYRGELIS |e 20190306 |h 339 ΒΗΑ |p 005200038724 |q 005200038724 |t BK |y 0 | ||
| 970 | |a Σπέντζα |b Ελένη |z 06-03-2019 | ||